DISCOVERING THE LIFE SPAN (Record no. 19392)

MARC details
000 -LEADER
fixed length control field 00334nam a22001577a 4500
003 - CONTROL NUMBER IDENTIFIER
control field SGT
020 ## - INTERNATIONAL STANDARD BOOK NUMBER
International Standard Book Number 9788131734025
082 ## - DEWEY DECIMAL CLASSIFICATION NUMBER
Classification number 509,FEL
100 ## - MAIN ENTRY--PERSONAL NAME
Personal name FELDAN,ROBERTS
245 ## - TITLE STATEMENT
Title DISCOVERING THE LIFE SPAN
250 ## - EDITION STATEMENT
Edition statement 1ST
260 ## - PUBLICATION, DISTRIBUTION, ETC. (IMPRINT)
Place of publication, distribution, etc NOIDA
Name of publisher, distributor, etc PEARSON
Year of Publication 2018
300 ## - PAGE DESCRIPTION
No. of Pages 394
650 ## - SUBJECT ADDED ENTRY--TOPICAL TERM
Topical term or geographic name as entry element PSYCHOLOGY
942 ## - ADDED ENTRY ELEMENTS (KOHA)
Source of classification or shelving scheme Dewey Decimal Classification
Koha item type Books
942 ## - ADDED ENTRY ELEMENTS (KOHA)
-- 32
Holdings
Withdrawn status Lost status Source of classification or shelving scheme Damaged status Not for loan Collection code Home library Current library Shelving location Date acquired Vendor Name Cost, normal purchase price SGTU Bill Number Total Checkouts Full call number Accession No. (Barcode) Date last seen Date last borrowed Bill Date Koha item type Total Renewals
    Dewey Decimal Classification     ENGINEERING SGT Engineering Library SGT Engineering Library Text Book 04/11/2019 AHUJA BOOK COMPANY 394.00 SGTU 11497 16 509,FEL FE7696 10/06/2025 28/05/2025 19/10/2019 Books  
    Dewey Decimal Classification     ENGINEERING SGT Engineering Library SGT Engineering Library Text Book 04/11/2019 AHUJA BOOK COMPANY 394.00 SGTU 11497 13 509,FEL FE7697 10/06/2025 28/05/2025 19/10/2019 Books  
Withdrawn   Dewey Decimal Classification     ENGINEERING SGT Engineering Library SGT Engineering Library Text Book 04/11/2019 AHUJA BOOK COMPANY 394.00 SGTU 11497   509,FEL FE7698 04/11/2019   19/10/2019 Books  
    Dewey Decimal Classification     ENGINEERING SGT Engineering Library SGT Engineering Library Text Book 04/11/2019 AHUJA BOOK COMPANY 394.00 SGTU 11497 20 509,FEL FE7699 10/06/2025 28/05/2025 19/10/2019 Books 1
    Dewey Decimal Classification     ENGINEERING SGT Engineering Library SGT Engineering Library Text Book 04/11/2019 AHUJA BOOK COMPANY 394.00 SGTU 11497 15 509,FEL FE7700 10/06/2025 28/05/2025 19/10/2019 Books